Asymptotic estimates and entire functions /
Guardado en:
| Autor Principal: | |
|---|---|
| Formato: | Libro |
| Idioma: | English Russian |
| Publicado: |
New York :
Gordon and Breach,
c1961.
|
| Series: | Russian tracts on advanced mathematics and physics ;
v. 4 |
| Etiquetas: |
Agregar Etiqueta
Sin Etiquetas, Sea el primero en etiquetar este registro!
|
| LEADER | 01053nam a22002415a 4500 | ||
|---|---|---|---|
| 001 | MAT.inmabb002369 | ||
| 008 | 840806s1961####nyu######b####001#0#eng#d | ||
| 005 | 20130308093742.0 | ||
| 245 | 1 | 0 | |a Asymptotic estimates and entire functions / |c by M. A. Evgrafov ; translated by Allen L. Shields. |
| 260 | |a New York : |b Gordon and Breach, |c c1961. | ||
| 300 | |a x, 181 p. ; |c 23 cm. | ||
| 440 | 0 | |a Russian tracts on advanced mathematics and physics ; |v v. 4 | |
| 500 | |a Traducción de: [Asimptoticheskie otsenki i tselye funktsii], 1957. | ||
| 505 | 8 | |a Capítulos: 1. Methods of obtaining asymptotic estimates -- 2. Basic material from the theory of entire functions -- 3. Special cases of asymptotic estimates. | |
| 504 | |a Bibliografía: p. 179. | ||
| 510 | 4 | |a MR, |c 31 #1376 | |
| 510 | 4 | |a MR, |c 19,642b |3 (para la ed. original en ruso) | |
| 100 | 1 | |a Evgrafov, Marat Andreevich. | |
| 240 | 1 | 0 | |a Asimptoticheskie otsenki i tselye funktsii. |l English |
| 084 | |a 30Dxx |2 msc2000 | ||
| 010 | |a 61018605 | ||
| 041 | 1 | |a eng |h rus | |
| 859 | |h 30 |i Ev93 |p A-4040 |b BIB. MATEMATICA | ||
